Loading...
| Current Events | 3 | 16.67 | 100% | 33% | 33% |
| Fine Arts - Classical Music | 7 | 15.71 | 100% | 57% | 0% |
| Fine Arts - Other | 7 | 10.00 | 86% | 0% | 14% |
| Fine Arts - Painting and Sculpture | 4 | 7.50 | 75% | 0% | 0% |
| Geography | 2 | 20.00 | 100% | 100% | 0% |
| History - American | 7 | 20.00 | 100% | 86% | 14% |
| History - European | 9 | 17.78 | 100% | 78% | 0% |
| History - Other | 6 | 16.67 | 83% | 33% | 50% |
| History - World | 3 | 16.67 | 100% | 67% | 0% |
| Literature - American | 6 | 13.33 | 100% | 33% | 0% |
| Literature - British | 4 | 10.00 | 100% | 0% | 0% |
| Literature - European | 7 | 14.29 | 100% | 29% | 14% |
| Literature - World | 4 | 7.50 | 75% | 0% | 0% |
| Mythology | 6 | 13.33 | 100% | 33% | 0% |
| Other Academic | 1 | 30.00 | 100% | 100% | 100% |
| Philosophy | 5 | 14.00 | 100% | 40% | 0% |
| Pop Culture | 2 | 15.00 | 100% | 0% | 50% |
| Religion | 6 | 21.67 | 100% | 50% | 67% |
| Science - Biology | 6 | 18.33 | 100% | 67% | 17% |
| Science - Chemistry | 5 | 18.00 | 100% | 40% | 40% |
| Science - Other | 4 | 10.00 | 100% | 0% | 0% |
| Science - Physics | 8 | 17.50 | 88% | 63% | 25% |
| Social Science | 5 | 14.00 | 100% | 40% | 0% |